| 000 | 00362nam a2200133Ia 4500 | ||
|---|---|---|---|
| 008 | 160114s9999 xx 000 0 und d | ||
| 020 | _a140347558x | ||
| 050 | _a796.357 | ||
| 050 | _b.R888m 2006 | ||
| 100 | _aRoyston, Angela. | ||
| 245 |
_aMiremos un bate de beisbol / _cAngela Royston. |
||
| 260 |
_aChicago : _bHeinemann Library. _c2006 |
||
| 300 | _a24 pages; | ||
| 999 |
_c290327 _d290327 |
||